| 000 | 00483nam a2200205Ia 4500 | ||
|---|---|---|---|
| 001 | 12422 | ||
| 003 | GE_BSU | ||
| 008 | 181216s||||||||xx |||||||||||||| ||und|| | ||
| 020 | _a9780752261737 | ||
| 040 | _cGE_BSU | ||
| 080 | _a821.111-32 | ||
| 100 | _aRitchie,Jean. | ||
| 245 | _aBig Brother 2:The Official Unseen Story. | ||
| 260 | _aLondon. | ||
| 260 | _bBazal. | ||
| 260 | _c2001 | ||
| 300 | _a282p;22cm. | ||
| 653 | _aBig Brother 2:The Official Unseen Story. | ||
| 942 | _cBK | ||
| 999 |
_c45596 _d45596 |
||